000 00605nam a2200181Ia 4500
008 100921s9999 xx 000 0 und d
082 _b26347
_a891.463 थ 94
100 _aकाळे वैजयंती.
245 _aसार्थक.
260 _bराजेंद्र प्रकाशन, पुणे.
_c1994
300 _a190
_bरसिक साहित्य,पुणे
365 _b80
520 _aललित-कादंबरी.
630 _aसार्थक.
650 _aललित-कादंबरी.
730 _aसार्थक.
942 _cBOOK
999 _c775460
_d775457